| 000 | 00785cam a2200265 a 4500 | ||
|---|---|---|---|
| 001 | 4520203 | ||
| 003 | ARRUPE | ||
| 005 | 20150904111210.0 | ||
| 008 | 990527s1999 nyu b 001 0 eng | ||
| 010 | _a98050146 | ||
| 020 | _a1570752494 | ||
| 035 | _a(OCoLC)40398070 | ||
| 035 | _a(OCoLC)ocm40398070 | ||
| 035 | _a(NNC)4520203 | ||
| 040 |
_aDLC _cDLC _dDLC _dNNUT |
||
| 090 |
_aBX955.2 _b.L35 1999 |
||
| 100 | 1 |
_aLa Due, William J. _919286 |
|
| 245 | 1 | 4 |
_aThe chair of Saint Peter : _ba history of the papacy / _cWilliam J. La Due |
| 260 |
_aMaryknoll, N.Y. : _bOrbis Books, _cc1999 |
||
| 300 |
_ax, 374 p. ; _c24 cm |
||
| 504 | _aIncludes bibliographical references (p. 357-363) and index | ||
| 650 | 0 |
_aPapacy _xHistory. _919287 |
|
| 942 |
_2lcc _cMONOGRAPH |
||
| 999 |
_c123224 _d123224 |
||